|
|
|
|
| LEADER |
01182nam a22002892a 4500 |
| 001 |
000240070 |
| 003 |
CZ BrMZK |
| 005 |
20070927065516.0 |
| 007 |
ta |
| 008 |
970103s1986 xr f cze d |
| 015 |
|
|
|a cnb000016156
|
| 035 |
|
|
|a (OCoLC)39416650
|
| 040 |
|
|
|a BOA001
|b cze
|
| 080 |
9 |
|
|a 621.311(075)
|
| 100 |
1 |
|
|a Matoušek, Antonín
|7 ola2004216977
|4 aut
|
| 245 |
1 |
0 |
|a Elektroenergetika pro obor studia elektrotechnologie /
|c Antonín Matoušek, Vladimír Blažek
|
| 250 |
|
|
|a 2. vyd.
|
| 260 |
|
|
|a Brno :
|b Vysoké učení technické,
|c 1986
|
| 300 |
|
|
|a 151 s.
|
| 700 |
1 |
|
|a Blažek, Vladimír,
|d 1953-
|7 xx0007246
|4 aut
|
| 910 |
|
|
|a BOA001
|b TK-A-0228.357
|b 4-0906.221
|
| 964 |
|
|
|a Elektroenergetika - učebnice - vysoké školy
|
| 990 |
|
|
|a BK
|
| 996 |
7 |
|
|b 2629998499
|c TK-A-0228.357
|l MZK
|r Sklad / do 24 hodin
|n 8
|w 000240070
|u 000010
|a 1
|e BOA001
|j MZK50
|s A
|
| 996 |
7 |
|
|b 2629998500
|c TK-A-0228.357
|l MZK
|r Sklad / do 24 hodin
|n 4
|w 000240070
|u 000020
|a 1
|e BOA001
|j MZK50
|s A
|
| 996 |
6 |
|
|b BC-484456
|c 4-0906.221
|l MZK
|r Sklad / do 1 hodiny
|n 0
|w 000240070
|u 000030
|a 1
|e BOA001
|j MZK50
|s P
|
| 996 |
6 |
|
|b BC-484457
|c 4-0906.221
|l MZK
|r Sklad / do 1 hodiny
|n 0
|w 000240070
|u 000040
|a 1
|e BOA001
|j MZK50
|s P
|